<?xml version="1.0" encoding="UTF-8"?>
<record
    xmlns:xsi="http://www.w3.org/2001/XMLSchema-instance"
    xsi:schemaLocation="http://www.loc.gov/MARC21/slim http://www.loc.gov/standards/marcxml/schema/MARC21slim.xsd"
    xmlns="http://www.loc.gov/MARC21/slim">

  <leader>00421    a2200121   4500</leader>
  <controlfield tag="001">ART_51408</controlfield>
  <controlfield tag="005">20260410161746.0</controlfield>
  <controlfield tag="008">260409a                                 </controlfield>
  <datafield tag="245" ind1="1" ind2="0">
    <subfield code="a">Las comisiones m&#xE9;dicas y la habilitaci&#xF3;n de las acciones judiciales directas en materia de riesgos del trabajo</subfield>
  </datafield>
  <datafield tag="100" ind1="1" ind2=" ">
    <subfield code="a">Formaro, Juan J.</subfield>
  </datafield>
  <datafield tag="700" ind1="1" ind2=" ">
    <subfield code="a">Galeazzi, Mario B.</subfield>
  </datafield>
  <datafield tag="773" ind1="0" ind2=" ">
    <subfield code="t">Doctrina laboral</subfield>
    <subfield code="g">- N&#xB0; 422 (oct. 2020)</subfield>
    <subfield code="w">REV4049</subfield>
  </datafield>
  <datafield tag="999" ind1=" " ind2=" ">
    <subfield code="c">19195</subfield>
    <subfield code="d">19195</subfield>
  </datafield>
</record>
